MARC

LEADER 00000nam0a2200000 4500
001 29931
005 20231030203712.0
010 |a 5887660627 
035 |a (RuTPU)RU\TPU\book\30198 
035 |a BOOK00030274 
090 |a 29931 
100 |a 20011209d2000 m y0rusy50 ca 
101 0 |a rus 
102 |a RU 
105 |a y z 000ab 
200 1 |a История Петра  |f А. С. Пушкин 
210 |a Москва  |c Языки русской культуры  |d 2000 
215 |a 392 с. 
225 1 |a Studia philologica 
600 0 |a Петр Великий  |d I  |f 1672 - 1725  |c российский царь из династии Романовых  |c первый российский император  |2 stltpui  |3 (RuTPU)RU\TPU\pers\365 
610 1 |a история 
610 1 |a русская литература 
610 1 |a 19 век 
610 1 |a Россия 
675 |a Р1  |v 3 
700 1 |a Пушкин  |b А. С.  |c русский писатель, поэт  |f 1799 - 1837  |g Александр Сергеевич  |2 stltpui  |3 (RuTPU)RU\TPU\pers\1026 
801 0 |a RU  |b 63413507  |c 20011209  |g PSBO 
801 2 |a RU  |b 63413507  |c 20050214  |g PSBO 
942 |c BK